000 00386nam a22001337a 4500
082 _a363.7
_bBER
_cD
100 _aBernstein, Janis.
_938078
245 _aThe urban challenge in national environmental strategies
260 _aWashington :
_bThe World Bank,
_cApril, 1995.
300 _av, 45 p. :
526 _a0
_b0
_c0
_d363_700000000000000_BER
650 _aMCE
_9379
942 _2ddc
_cBK
999 _c542753
_d542753